000 01222nam a22003257a 4500
005 20240530110447.0
008 150422s2010 ua a g 000 0 ara d
017 _a2009/17603
_bمصر . دار الكتب المصرية
020 _a9789774554563
040 _aEG-CaGPL
082 0 4 _221
_a658.04\
_bس أ
100 1 _aسيلفستر ، جيمس
245 1 0 _aاهم 401 سؤال قبل التجارة و الاستثمار /
_cجيمس سيلفيستر.
250 _aط1.
260 _aالقاهرة :
_bدار الفاروق للاستثمارات الثقافية ،
_c2010.
300 _a443 ص ؛
_c24 سم.
650 0 4 _aالشركات
_xتنظيم وادارة
650 0 4 _aالشركات
_xالمراقبة الحكومية
650 0 4 _aادارة الوقت
650 0 4 _aالموارد البشرية
650 0 4 _aالتجارة الدولية
650 0 4 _aالشركات
_xتامين
650 0 4 _aالشراكات
_xضرائب
650 0 4 _aالسيولة النقدية
650 0 4 _aرجال الاعمال
650 0 4 _aادارة الاعمال
710 0 _aقسم الترجمة بدار الفاروق
942 _2ddc
_cBK
999 _c61174
_d61174